Library Logo

Pioneer International University Library Catalogue

Introduction to modern navigation systems / (Record no. 6086)

MARC details
000 -LEADER
fixed length control field 00694cam a22002177a 4500
005 - DATE AND TIME OF LATEST TRANSACTION
control field 20250901165555.0
008 - FIXED-LENGTH DATA ELEMENTS--GENERAL INFORMATION
fixed length control field 080115s2007 njua b 001 0 eng d
010 ## - LIBRARY OF CONGRESS CONTROL NUMBER
LC control number 2008297034
020 ## - INTERNATIONAL STANDARD BOOK NUMBER
International Standard Book Number 9789812707659
020 ## - INTERNATIONAL STANDARD BOOK NUMBER
International Standard Book Number 9812707654
020 ## - INTERNATIONAL STANDARD BOOK NUMBER
International Standard Book Number 9789812707666 (pbk.)
020 ## - INTERNATIONAL STANDARD BOOK NUMBER
International Standard Book Number 9812707662 (pbk.)
050 00 - LIBRARY OF CONGRESS CALL NUMBER
Classification number TL588.5 .B45 2007
Item number .B45 2007
082 00 - DEWEY DECIMAL CLASSIFICATION NUMBER
Classification number 629.04/5
Edition information 22
100 1# - MAIN ENTRY--PERSONAL NAME
Personal name Bekir, Esmat.
245 10 - TITLE STATEMENT
Title Introduction to modern navigation systems /
Statement of responsibility, etc. Esmat Bekir.
260 ## - PUBLICATION, DISTRIBUTION, ETC.
Place of publication, distribution, etc. New Jersey :
Name of publisher, distributor, etc. World Scientific,
Date of publication, distribution, etc. c2007.
300 ## - PHYSICAL DESCRIPTION
Extent xiv, 240 p. :
Other physical details ill. ;
Dimensions 24 cm.
500 ## - GENERAL NOTE
General note Includes bibliographical references and index.
942 ## - ADDED ENTRY ELEMENTS (KOHA)
Source of classification or shelving scheme Library of Congress Classification
Classification part TL588.5 .B45 2007
Holdings
Withdrawn status Lost status Source of classification or shelving scheme Damaged status Not for loan Home library Current library Shelving location Date acquired Total checkouts Full call number Barcode Date last seen Price effective from Koha item type
    Library of Congress Classification     Main Library Main Library   09/26/2023   TL588.5 .B45 2007 PIU0190359 09/26/2023 09/26/2023 Books